000 00600nam a2200229Ia 4500
003 OSt
005 20220924135512.0
006 a|||||r|||| 00| 0
007 ta
008 220923b |||||||| |||| 00| 0 ben d
024 _a291406
037 _cTextual
040 _aARTS
_cARTS
_bben
041 _2ben
_aben
082 _aO153,3x, 157P2
100 _aBhattacherjee Shyamal Ed.
_9210397
245 0 _aSamkalin punjabi galpa
260 _c2002
650 _aPUNJABI LITERATURE
942 _hO153,3x, 157P2
_cTEXL
_2CC
999 _c440886
_d440886